| 000 | 00766nam a2200241 a 4500 | ||
|---|---|---|---|
| 001 | BRCA_8248 | ||
| 005 | 20190320210209.0 | ||
| 008 | 280514s1954----po-a###f##---#000-0#por-# | ||
| 041 | _apor | ||
| 044 | _apo | ||
| 050 | 4 |
_aND661 _b.P5 1954 |
|
| 245 | 1 | 0 |
_aPinturas flamengas e holandesas _bdo Museu Regional de Évora _cintroducao e notas de Mario T. Chicó ; fotografia de Mario Novais. |
| 260 |
_aLisboa _bEstúdios Cor _c1954 |
||
| 300 |
_a12 p. _bil., 13 láminas _c31 cm. |
||
| 500 | _aT88 | ||
| 610 | 2 | 4 |
_aMuseu Regional de Évora (Lisboa) _zPortugal _920578 |
| 650 | 1 | 4 |
_aPintura flamenca _920579 |
| 650 | 1 | 4 |
_aPintura holandesa _99393 |
| 700 | 1 |
_aChicó, Mario T. _eintr. _920580 |
|
| 700 | 1 |
_aNovais, Mario _efot. _920581 |
|
| 902 | _aGFM | ||
| 942 |
_2lcc _cB |
||
| 999 |
_c7916 _d7916 |
||